000 00303nam a2200133Ia 4500
008 190216s9999||||xx |||||||||||||| ||und||
100 _aKittel C
245 0 _aMechanics
250 _a2ND ED
260 _bMcgraw-Hill International Edition
_c1963
300 _a426 p
650 _aPhysics
942 _cBK
999 _c34122
_d34122